UBT Library

Experimental and quasi-experimental designs for generalized causal inference / (Record no. 47199)

000 -LEADER
fixed length control field 00763cam a22002414a 4500
001 - CONTROL NUMBER
control field 12525823
005 - DATE AND TIME OF LATEST TRANSACTION
control field 20180817040226.0
008 - FIXED-LENGTH DATA ELEMENTS--GENERAL INFORMATION
fixed length control field 010905s2001 maua b 001 0 eng
010 ## - LIBRARY OF CONGRESS CONTROL NUMBER
LC control number 2001131551
020 ## - INTERNATIONAL STANDARD BOOK NUMBER
International Standard Book Number 0395615569
040 ## - CATALOGING SOURCE
Original cataloging agency DLC
Transcribing agency DLC
Modifying agency DLC
041 ## - LANGUAGE CODE
Language code of text/sound track or separate title eng
042 ## - AUTHENTICATION CODE
Authentication code pcc
080 ## - UNIVERSAL DECIMAL CLASSIFICATION NUMBER
Universal Decimal Classification number 122.072
082 00 - DEWEY DECIMAL CLASSIFICATION NUMBER
Classification number 122.072
Edition number 21
100 1# - Rafti
Rafti 48
101 ## - Shkurtesa
Shkurtesa PSI
245 10 - TITLE STATEMENT
Title Experimental and quasi-experimental designs for generalized causal inference /
Statement of responsibility, etc William R. Shedish, Thomas D. Cook, Donald T. Campbell.
504 ## - BIBLIOGRAPHY, ETC. NOTE
Bibliography, etc Includes bibliographical references (p. 514-591) and indexes.
906 ## - LOCAL DATA ELEMENT F, LDF (RLIN)
a 7
b cbc
c orignew
d 2
e ncip
f 20
g y-gencatlg
942 ## - ADDED ENTRY ELEMENTS (KOHA)
Source of classification or shelving scheme
Item type Books
Holdings
Withdrawn status Lost status Source of classification or shelving scheme Damaged status Not for loan Collection code Permanent location Current location Shelving location Date acquired Total Checkouts Full call number Barcode Date last seen Price effective from Koha item type
          Koleksioni i përgjithshem UBT - Lipjan UBT - Lipjan Koleksioni i përgjithshem 08/17/2018   122.072 SHAD 002-3011512 08/17/2018 08/17/2018 Books
UBT Library © 2015-2024. All rights reserved University Education for Business and Technology